[Event "31è Open International d'Avoine 2016"]
[Site "Avoine"]
[Date "2016.07.23"]
[Round "2.37"]
[White "Lamballe, Victor"]
[Black "Eden, James"]
[Result "0-1"]
[WhiteElo "1909"]
[BlackElo "2293"]
[PlyCount "140"]
[EventDate "2016.??.??"]

1. d4 d5 2. c4 c6 3. Nf3 Nf6 4. e3 Bf5 5. Nc3 a6 6. Nh4 Bc8 7. Qc2 e6 8. a3 Be7
9. Nf3 O-O 10. e4 dxe4 11. Nxe4 Nxe4 12. Qxe4 Nd7 13. Bd3 Nf6 14. Qe2 b5 15.
O-O Bb7 16. Bg5 Qb6 17. Rad1 Rfd8 18. Ne5 h6 19. Bxf6 Bxf6 20. Qh5 Qc7 21. Rfe1
Rd6 22. c5 Rdd8 23. f4 Qe7 24. Re3 Rxd4 25. Bh7+ Kxh7 26. Rxd4 Qxc5 27. Red3
Rd8 28. Qd1 g5 29. Kh1 Rxd4 30. Rxd4 gxf4 31. Rd7 Qxe5 32. Rxf7+ Kg6 33. Rxb7
h5 34. Qb1+ Kg5 35. Rh7 Qe2 36. Qg1 Qc2 37. h4+ Kg6 38. Qa7 Kf5 39. Qf7 Ke5 40.
Rxh5+ Kd6 41. Qf8+ Kc7 42. Qf7+ Kb6 43. Rh7 Bxb2 44. Qa7+ Ka5 45. Qc7+ Ka4 46.
Qxf4+ Qc4 47. Qf2 Bxa3 48. Rd7 e5 49. h5 b4 50. Rd1 Qg4 51. Qc2+ Kb5 52. Qd3+
Ka5 53. Qd8+ Ka4 54. Qd3 Qxh5+ 55. Kg1 e4 56. Qxa6+ Kb3 57. Qf1 Bb2 58. Rd2
Qc5+ 59. Kh1 Qc1 60. Rd1 Qh6+ 61. Kg1 Qe3+ 62. Kh1 c5 63. Rb1 Qd3 64. Qc1 Qc3
65. Rxb2+ Qxb2 66. Qxc5 Qb1+ 67. Kh2 Qd3 68. Kg1 e3 69. g3 Qd1+ 70. Kg2 Qc2+
0-1

[Event "31è Open International d'Avoine 2016"]
[Site "Avoine"]
[Date "2016.07.23"]
[Round "2.38"]
[White "Travadon, Loic"]
[Black "Tardi, Oscar"]
[Result "1/2-1/2"]
[WhiteElo "2218"]
[BlackElo "1905"]
[PlyCount "50"]
[EventDate "2016.??.??"]

1. e4 c5 2. Nf3 e6 3. d3 d5 4. Nbd2 Nc6 5. g3 Nf6 6. Bg2 Be7 7. O-O O-O 8. Re1
Qc7 9. e5 Nd7 10. Qe2 b5 11. Nf1 Rb8 12. Bf4 Nb6 13. h4 d4 14. N1h2 Nd5 15. Bg5
h6 16. Bxe7 Ncxe7 17. Nd2 Bb7 18. Ne4 Ng6 19. Nd6 Ndf4 20. gxf4 Nxf4 21. Qg4
Nxg2 22. Re4 f5 23. exf6 Bxe4 24. dxe4 Nxh4 25. f7+ Kh7 1/2-1/2

[Event "31è Open International d'Avoine 2016"]
[Site "Avoine"]
[Date "2016.07.23"]
[Round "2.39"]
[White "Meunier-Pion, Jean"]
[Black "Crook, Oliver-James"]
[Result "1-0"]
[WhiteElo "2211"]
[BlackElo "1881"]
[PlyCount "145"]
[EventDate "2016.??.??"]

1. e4 d5 2. exd5 Nf6 3. d4 Bg4 4. Be2 Bxe2 5. Qxe2 Qxd5 6. Nf3 e6 7. c4 Bb4+ 8.
Bd2 Bxd2+ 9. Nbxd2 Qh5 10. Ne5 Qxe2+ 11. Kxe2 Nbd7 12. Nd3 Rd8 13. Nf3 O-O 14.
Rhe1 Rfe8 15. Kf1 h6 16. Rac1 c6 17. Rc3 Nb6 18. Nc5 Re7 19. b4 Nc8 20. a4 a6
21. a5 Nd6 22. Nb3 Kf8 23. Ne5 Kg8 24. Rd3 Kf8 25. Nc5 Rc7 26. f3 Re7 27. Kf2
g6 28. g4 Kg7 29. h4 Rh8 30. Kg3 Rd8 31. Rde3 Nfe8 32. Rc3 Rb8 33. Ned7 Rd8 34.
Ne5 Rb8 35. Nb3 Nc7 36. Rc2 f6 37. Nd3 Kf7 38. Nd2 Nde8 39. Ne4 Rd7 40. Ndc5
Rxd4 41. Ree2 f5 42. Nb3 Rd3 43. Nec5 Rdd8 44. Rcd2 Nd6 45. Rd4 Nce8 46. Nxe6
Rdc8 47. Nbc5 b6 48. Nd7 bxa5 49. Nxb8 Rxb8 50. bxa5 Rb3 51. c5 Ne4+ 52. Kg2
Kxe6 53. gxf5+ gxf5 54. fxe4 f4 55. Rf2 Ke5 56. Rd7 Rg3+ 57. Kh2 Ng7 58. Re7+
Ne6 59. Rg2 Kf6 60. Rxe6+ Kxe6 61. Rxg3 fxg3+ 62. Kxg3 Ke5 63. Kg4 Kxe4 64. Kh5
Kd5 65. Kxh6 Kxc5 66. h5 Kb5 67. Kg5 Kxa5 68. h6 Kb4 69. h7 a5 70. h8=Q Kb3 71.
Qb8+ Ka3 72. Kf4 a4 73. Ke3 1-0

[Event "31è Open International d'Avoine 2016"]
[Site "Avoine"]
[Date "2016.07.23"]
[Round "2.40"]
[White "Malassagne, Raphael"]
[Black "Duval, Claire"]
[Result "1-0"]
[WhiteElo "2163"]
[BlackElo "1869"]
[PlyCount "65"]
[EventDate "2016.??.??"]

1. d4 Nf6 2. Bf4 e6 3. e3 c5 4. c3 d5 5. Nd2 Nbd7 6. h3 a6 7. a4 b6 8. Ngf3 Bb7
9. Bd3 Be7 10. Qe2 O-O 11. O-O Ne4 12. Rfd1 Ndf6 13. Ne5 Nxd2 14. Rxd2 c4 15.
Bc2 b5 16. Bh2 Bd6 17. f3 Nd7 18. Bg3 Qc7 19. f4 Nf6 20. Bh4 Ne4 21. Bxe4 dxe4
22. Rc2 Bd5 23. Qf2 Bxe5 24. fxe5 Qa5 25. Qg3 Kh8 26. Rf2 Ra7 27. Rf4 Qc7 28.
axb5 axb5 29. Rxa7 Qxa7 30. Rg4 g6 31. Bf6+ Kg8 32. Qh4 h5 33. Qxh5 1-0

[Event "31è Open International d'Avoine 2016"]
[Site "Avoine"]
[Date "2016.07.23"]
[Round "2.41"]
[White "Gattuso, Christophe"]
[Black "Smith, Matthieu"]
[Result "1-0"]
[WhiteElo "1904"]
[BlackElo "2129"]
[PlyCount "239"]
[EventDate "2016.??.??"]

1. e4 c5 2. c3 d5 3. exd5 Qxd5 4. d4 Nc6 5. Nf3 Nf6 6. dxc5 Qxc5 7. Be3 Qd5 8.
Na3 e6 9. Nb5 Qxd1+ 10. Rxd1 Nd5 11. Rxd5 exd5 12. Nc7+ Kd8 13. Nxa8 Bd6 14.
Bb5 Be6 15. Bxc6 bxc6 16. Bxa7 Kd7 17. Nb6+ Kc7 18. Na4 Ra8 19. Bb6+ Kb7 20.
Bc5 Rxa4 21. Bxd6 Rxa2 22. O-O Rxb2 23. Nd4 Kb6 24. f4 Bd7 25. Rc1 c5 26. Nf3
Bf5 27. Bf8 g6 28. Bg7 Be4 29. Re1 f5 30. Re3 Ra2 31. h4 Kb5 32. Kh2 Rc2 33.
Kh3 Rf2 34. Kg3 Ra2 35. Re1 Kc4 36. Rd1 Kb5 37. Rd2 Ra7 38. Bf6 Ra6 39. Bg7 Ra7
40. Rb2+ Kc4 41. Bf6 Ra6 42. Be5 Ra3 43. Kf2 Kd3 44. Nd2 d4 45. cxd4 c4 46. Nb1
c3 47. Nxa3 cxb2 48. d5 Bxd5 49. Bxb2 Bc6 50. Be5 Ba4 51. Nb1 Bb5 52. Nc3 Bc6
53. Nd1 Ke4 54. Ne3 h6 55. Nc4 Kd5 56. Ne3+ Ke4 57. Bd6 Bb5 58. g3 Be8 59. Be7
Bf7 60. Nc2 Bd5 61. Bf6 Bc6 62. Nd4 Bd7 63. Nf3 Bc6 64. Ne5 Be8 65. Ke2 g5 66.
hxg5 hxg5 67. Bxg5 Bb5+ 68. Kf2 Kd4 69. Bf6 Ke4 70. Ng6 Be8 71. Ne7 Bd7 72. Be5
Be6 73. Kg2 Ke3 74. Kh3 Kf3 75. Kh4 Bd7 76. Ng8 Ba4 77. Nf6 Bb3 78. Nh5 Bc2 79.
Kg5 Bb1 80. Bf6 Bc2 81. Kg6 Kg4 82. Bh4 Bb1 83. Ng7 Kf3 84. Kf6 Kg4 85. Ke5 Bc2
86. Ne8 Kh5 87. Nd6 Kg6 88. Kd4 Bb1 89. Nc4 Bc2 90. Kc3 Bb1 91. Nd2 Ba2 92. Nb3
Bb1 93. Kb2 Be4 94. Nd2 Bd5 95. Kc3 Ba2 96. Kd4 Kh5 97. Nc4 Bb1 98. Ke5 Kg6 99.
Ne3 Bd3 100. Be7 Bb1 101. g4 fxg4 102. Nxg4 Bf5 103. Ne3 Bh3 104. Bg5 Bc8 105.
Nd5 Bh3 106. Ne7+ Kf7 107. f5 Bxf5 108. Kxf5 Ke8 109. Ke6 Kd8 110. Bf4 Ke8 111.
Nc6 Kf8 112. Bh6+ Ke8 113. Bg5 Kf8 114. Nd8 Ke8 115. Nf7 Kf8 116. Nd6 Kg7 117.
Kf5 Kf8 118. Kg6 Kg8 119. Bh6 Kh8 120. Ne8 1-0

[Event "31è Open International d'Avoine 2016"]
[Site "Avoine"]
[Date "2016.07.23"]
[Round "2.42"]
[White "Daeschler, Florian"]
[Black "Safa, Cyrille"]
[Result "1-0"]
[WhiteElo "2099"]
[BlackElo "1857"]
[PlyCount "133"]
[EventDate "2016.??.??"]

1. Nf3 d5 2. g3 Nf6 3. Bg2 e6 4. O-O Be7 5. c4 O-O 6. b3 c6 7. Bb2 Nbd7 8. Qc2
b6 9. d4 Bb7 10. Nbd2 Rb8 11. Rad1 Qc8 12. Ne5 Bb4 13. Ndf3 Be7 14. Bc1 c5 15.
Bf4 Ra8 16. Ng5 h6 17. Ngf3 Re8 18. Nxd7 Nxd7 19. cxd5 exd5 20. Bh3 Qc6 21. Rc1
Bd6 22. Bxd6 Qxd6 23. Rfe1 Rad8 24. Bg2 Rc8 25. Qd3 cxd4 26. Nxd4 Rxc1 27. Rxc1
Nc5 28. Qb5 Rd8 29. b4 Ne6 30. Qd3 Nxd4 31. Qxd4 Ba6 32. e3 Bc4 33. a3 a5 34.
bxa5 bxa5 35. e4 Bb3 36. exd5 Qxa3 37. Re1 Qd6 38. Bf3 a4 39. Ra1 Bxd5 40. Rd1
Bxf3 41. Qxd6 Rxd6 42. Rxd6 Be4 43. Ra6 Bc2 44. f4 h5 45. Kf2 g6 46. Ke3 Kg7
47. Kd4 Bd1 48. Ke5 Bb3 49. f5 Bc2 50. fxg6 fxg6 51. Ra7+ Kh6 52. Kf6 Bb3 53.
Ra8 Kh7 54. Kg5 Bc2 55. Ra7+ Kg8 56. Rc7 Bb1 57. Rc1 Bd3 58. Rd1 Bf5 59. Rd4
Bc2 60. Rc4 Bb3 61. Rc8+ Kf7 62. Rc7+ Ke6 63. Kxg6 Kd6 64. Rc1 h4 65. gxh4 a3
66. Ra1 a2 67. h5 1-0

[Event "31è Open International d'Avoine 2016"]
[Site "Avoine"]
[Date "2016.07.23"]
[Round "2.43"]
[White "Nguyen, Vincent"]
[Black "Francez, Theo"]
[Result "1-0"]
[WhiteElo "2090"]
[BlackElo "1849"]
[PlyCount "71"]
[EventDate "2016.??.??"]

1. d4 Nf6 2. c4 c5 3. d5 b5 4. Nd2 bxc4 5. e4 g6 6. Bxc4 d6 7. b3 Bg7 8. Bb2
O-O 9. Ngf3 Bg4 10. Qc2 Nbd7 11. h3 Bxf3 12. Nxf3 Rb8 13. O-O Nb6 14. Bc3 Qc7
15. Nd2 Qb7 16. Rfe1 Nfd7 17. Bxg7 Kxg7 18. Qc3+ Kg8 19. f4 Ra8 20. Rab1 a5 21.
a4 Ra7 22. Bb5 Nb8 23. Rb2 f5 24. Qd3 Kg7 25. Bc4 Nxa4 26. Ra2 Nb6 27. e5 Rf7
28. exd6 exd6 29. Qc3+ Kg8 30. Re8+ Rf8 31. Rxf8+ Kxf8 32. Qh8+ Kf7 33. Rxa5
N8d7 34. Qxh7+ Kf6 35. g4 fxg4 36. Ne4+ 1-0

[Event "31è Open International d'Avoine 2016"]
[Site "Avoine"]
[Date "2016.07.23"]
[Round "2.44"]
[White "Dupont, Victor"]
[Black "Varlet, Nicolas"]
[Result "0-1"]
[WhiteElo "1888"]
[BlackElo "2088"]
[PlyCount "48"]
[EventDate "2016.??.??"]

1. Nf3 Nf6 2. g3 g6 3. Bg2 Bg7 4. O-O O-O 5. c4 d5 6. cxd5 Nxd5 7. Nc3 Nxc3 8.
bxc3 c5 9. Qa4 Bd7 10. Qb3 Bc6 11. Ba3 Nd7 12. d4 e6 13. Rad1 Qa5 14. Rc1 Rfd8
15. Rfe1 cxd4 16. cxd4 Bd5 17. Qb2 Nb6 18. e4 Bc6 19. Bb4 Qa4 20. Rc3 Bxd4 21.
Nxd4 Rxd4 22. Bc5 Rd1 23. Rxd1 Qxd1+ 24. Bf1 Na4 0-1

[Event "31è Open International d'Avoine 2016"]
[Site "Avoine"]
[Date "2016.07.23"]
[Round "2.45"]
[White "Ben-Abed, Mehdi"]
[Black "Molho, Antoine"]
[Result "1-0"]
[WhiteElo "2086"]
[BlackElo "1848"]
[PlyCount "61"]
[EventDate "2016.??.??"]

1. e4 c6 2. d4 d5 3. exd5 cxd5 4. Bd3 Nc6 5. c3 Nf6 6. Bf4 Bg4 7. Nf3 Qb6 8.
Qb3 Qxb3 9. axb3 a6 10. b4 Nh5 11. Bg3 Nxg3 12. hxg3 O-O-O 13. Ng5 Be6 14. Rxh7
Rxh7 15. Bxh7 Kd7 16. Bg8 Re8 17. Nd2 g6 18. Ndf3 Nd8 19. Ne5+ Kd6 20. Bxf7
Nxf7 21. Nexf7+ Bxf7 22. Nxf7+ Ke6 23. Ne5 g5 24. Ke2 Bg7 25. Nd3 Kd6 26. Rh1
Rh8 27. Rxh8 Bxh8 28. Kf3 b6 29. Kg4 Bf6 30. Kf5 Kc6 31. Ke6 1-0

[Event "31è Open International d'Avoine 2016"]
[Site "Avoine"]
[Date "2016.07.23"]
[Round "2.46"]
[White "Forget, Cyril"]
[Black "Hoffmann, Roger"]
[Result "1/2-1/2"]
[WhiteElo "1886"]
[BlackElo "2084"]
[PlyCount "133"]
[EventDate "2016.??.??"]

1. e4 c5 2. Nf3 a6 3. c3 Nf6 4. e5 Nd5 5. d4 e6 6. a3 b5 7. Bd3 Nc6 8. O-O Bb7
9. Nbd2 cxd4 10. cxd4 d6 11. exd6 Bxd6 12. Ne4 Be7 13. Nc5 Nxd4 14. Nxb7 Nxf3+
15. Qxf3 Qb6 16. Qg3 Qxb7 17. Qxg7 Bf6 18. Qg3 Rd8 19. Re1 Ne7 20. Qe3 Qd5 21.
Be4 Qh5 22. Bf3 Qg6 23. Be4 Qh5 24. Qb3 Qc5 25. Bf4 Qc4 26. Qxc4 bxc4 27. Re2
O-O 28. Kf1 Nd5 29. Bh6 Bg7 30. Bg5 Rb8 31. Rc1 h6 32. Bh4 c3 33. b4 Rbc8 34.
Bg3 Rc4 35. Bd3 Rc6 36. Rcc2 Rd8 37. Be4 Bd4 38. Bf3 Bf6 39. Be5 Bxe5 40. Rxe5
Rc7 41. Be2 Rd6 42. Re4 Rdc6 43. g3 f5 44. Re5 Kf7 45. f4 Nf6 46. Kf2 Rd7 47.
Bf3 Rd2+ 48. Re2 Rxe2+ 49. Kxe2 Ne4 50. Ke3 a5 51. Bxe4 fxe4 52. Kd4 axb4 53.
axb4 e3 54. Rxc3 e2 55. Re3 Rc2 56. b5 Kf6 57. h3 h5 58. g4 hxg4 59. hxg4 Kf7
60. Re5 Kf6 61. g5+ Kf7 62. f5 exf5 63. Rxf5+ Kg6 64. Re5 Kf7 65. Kd5 Rd2+ 66.
Kc6 Rc2+ 67. Kd7 1/2-1/2

[Event "31è Open International d'Avoine 2016"]
[Site "Avoine"]
[Date "2016.07.23"]
[Round "2.47"]
[White "Marimoutou, Loic"]
[Black "Hirstel, Serge"]
[Result "1/2-1/2"]
[WhiteElo "2077"]
[BlackElo "1830"]
[PlyCount "46"]
[EventDate "2016.??.??"]

1. e4 e5 2. Nf3 Nf6 3. Nxe5 d6 4. Nf3 Nxe4 5. Nc3 Nxc3 6. dxc3 Be7 7. Be3 Nc6
8. Qd2 Be6 9. Ng5 Bxg5 10. Bxg5 Qd7 11. Be2 f6 12. Bf4 O-O-O 13. O-O Qf7 14.
Rfe1 Rhe8 15. Bb5 Bd7 16. Be3 a6 17. Be2 Ne5 18. Qd4 Bc6 19. Bg4+ Nxg4 20.
Qxg4+ f5 21. Qh3 g6 22. Bg5 Rxe1+ 23. Rxe1 Re8 1/2-1/2

[Event "31è Open International d'Avoine 2016"]
[Site "Avoine"]
[Date "2016.07.23"]
[Round "2.48"]
[White "Lavanchy, Marc-Henri"]
[Black "Guerlach, Keigo"]
[Result "0-1"]
[WhiteElo "1856"]
[BlackElo "2075"]
[PlyCount "92"]
[EventDate "2016.??.??"]

1. d4 d5 2. c4 e6 3. Nf3 c6 4. g3 dxc4 5. Bg2 b5 6. Ne5 Bb7 7. e3 Bd6 8. O-O
Bxe5 9. dxe5 Qxd1 10. Rxd1 Nd7 11. f4 Nc5 12. Na3 Ne7 13. Bd2 a5 14. Rab1 Nd5
15. Nc2 O-O 16. e4 Nc7 17. Be3 N7a6 18. Rd6 Rac8 19. b3 cxb3 20. axb3 a4 21. b4
Nb3 22. Nd4 Nxd4 23. Bxd4 Rfe8 24. Bf1 Re7 25. Bc5 Nxc5 26. bxc5 Kf8 27. Rd4
Ke8 28. Kf2 Rd7 29. Ke3 Ra8 30. Rxd7 Kxd7 31. Bc4 bxc4 32. Rxb7+ Kc8 33. Rb1 a3
34. Ra1 a2 35. Kd4 Ra4 36. Kc3 Kb7 37. Kb2 Ka6 38. Rxa2 Rxa2+ 39. Kxa2 Kb5 40.
Kb2 Kb4 41. Kc2 c3 42. h4 h5 43. f5 Kc4 44. g4 hxg4 45. h5 g3 46. f6 g2 0-1

[Event "31è Open International d'Avoine 2016"]
[Site "Avoine"]
[Date "2016.07.23"]
[Round "2.49"]
[White "Burille, Matthieu"]
[Black "Genereau, Thierry"]
[Result "1-0"]
[WhiteElo "2069"]
[BlackElo "1826"]
[PlyCount "104"]
[EventDate "2016.??.??"]

1. e4 c6 2. Nc3 d5 3. Nf3 Bg4 4. h3 Bxf3 5. Qxf3 e6 6. d4 Bb4 7. a3 dxe4 8.
Qxe4 Nf6 9. Qd3 Be7 10. g3 O-O 11. Bg2 Qb6 12. O-O Rd8 13. Rd1 Nbd7 14. Be3 Nd5
15. Bd2 Bf6 16. Ne2 e5 17. c4 Qa6 18. Qc2 N5b6 19. dxe5 Nxe5 20. b3 Nexc4 21.
bxc4 Bxa1 22. Rxa1 Qxc4 23. Qxc4 Nxc4 24. Bf4 Rd3 25. a4 Rad8 26. Kh2 f6 27. h4
Kf7 28. Rb1 R8d7 29. Rb4 Na5 30. Be3 b6 31. Nf4 Ra3 32. Re4 c5 33. Ne6 Nc6 34.
Rg4 Ne5 35. Re4 Kxe6 36. f4 Rd1 37. fxe5 fxe5 38. Bf4 Ra2 39. Rxe5+ Kf6 40. Re4
Kf7 41. Kh3 Ra3 42. Bg5 Rd4 43. Re7+ Kf8 44. Bc6 h6 45. Re8+ Kf7 46. Re7+ Kg6
47. Be8+ Kf5 48. Bc1 Ra1 49. Bb2 Rh1+ 50. Kg2 Rdd1 51. Bd7+ Kg6 52. Rxg7+ Kh5
1-0

[Event "31è Open International d'Avoine 2016"]
[Site "Avoine"]
[Date "2016.07.23"]
[Round "2.50"]
[White "Rioland, Paul"]
[Black "Simon, Daniel"]
[Result "1/2-1/2"]
[WhiteElo "1851"]
[BlackElo "2060"]
[PlyCount "126"]
[EventDate "2016.??.??"]

1. e4 e5 2. d4 exd4 3. Qxd4 Nc6 4. Qe3 Bb4+ 5. Nc3 Bxc3+ 6. Qxc3 Qf6 7. Qb3 Qd4
8. Bd3 Qb4+ 9. Bd2 Qxb3 10. axb3 d6 11. f4 Nge7 12. Nf3 O-O 13. O-O Bd7 14. b4
a6 15. Bc3 Na7 16. Bd2 Nac6 17. h3 d5 18. Ne5 Nxe5 19. fxe5 Be6 20. exd5 Bxd5
21. Bc3 Rad8 22. Rad1 Rfe8 23. g3 Nc6 24. Rfe1 Be6 25. Kh2 Ne7 26. b5 axb5 27.
Bxb5 c6 28. Bd3 Ra8 29. Ra1 Nd5 30. Bd2 h6 31. b3 Red8 32. Ra4 b5 33. Raa1 b4
34. Reb1 c5 35. Be1 Rac8 36. Ra2 Nc3 37. Bxc3 bxc3 38. Ra4 Rc7 39. Kg2 g6 40.
g4 Kg7 41. Re1 Bxb3 42. Rf4 Be6 43. Re3 Ra7 44. Be4 Rd2+ 45. Kg3 Ra3 46. Rff3
Rd4 47. Bc6 Ra6 48. Bb7 Rb6 49. Ba8 Ra4 50. Be4 Rb2 51. Bc6 Ra6 52. Be4 Rb4 53.
Rf2 Ra2 54. Bg2 Ra3 55. Rff3 Rd4 56. Rxc3 Ra5 57. Rfd3 Rc4 58. Rxc4 Bxc4 59.
Rc3 Be6 60. Kf4 g5+ 61. Ke3 Kf8 62. Ke4 Ra4+ 63. Kd3 Ra5 1/2-1/2

[Event "31è Open International d'Avoine 2016"]
[Site "Avoine"]
[Date "2016.07.23"]
[Round "2.51"]
[White "Coiffait, Pierre-Basile"]
[Black "Reau, Philippe"]
[Result "1-0"]
[WhiteElo "2057"]
[BlackElo "1820"]
[PlyCount "45"]
[EventDate "2016.??.??"]

1. e4 c5 2. Nf3 d6 3. d4 cxd4 4. Nxd4 Nf6 5. f3 g6 6. c4 Bg7 7. Nc3 Bd7 8. Be3
Qa5 9. Be2 Nc6 10. Nb3 Qd8 11. O-O b6 12. Rc1 O-O 13. f4 Qc8 14. Kh1 Bg4 15. h3
Bxe2 16. Qxe2 Nd7 17. Nd5 Qb7 18. Rcd1 Nc5 19. Bxc5 bxc5 20. e5 a5 21. Qf3 a4
22. Nc1 Nd4 23. Nf6+ 1-0

[Event "31è Open International d'Avoine 2016"]
[Site "Avoine"]
[Date "2016.07.23"]
[Round "3.1"]
[White "Fedorchuk, Sergey A"]
[Black "Belenkaya, Dina"]
[Result "1-0"]
[WhiteElo "2624"]
[BlackElo "2249"]
[PlyCount "69"]
[EventDate "2016.??.??"]

1. e4 c6 2. d4 d5 3. e5 c5 4. dxc5 Nc6 5. Nf3 Bg4 6. c3 e6 7. b4 Bxf3 8. Qxf3
Nxe5 9. Bb5+ Nc6 10. Nd2 Nge7 11. Nb3 g6 12. Qf6 Rg8 13. Qf3 Bg7 14. O-O f6 15.
Re1 Kf7 16. Bf4 f5 17. Rad1 Qc8 18. Bd6 Rd8 19. Bxc6 bxc6 20. Be5 Bf8 21. Re2
Ng8 22. Rde1 Re8 23. Nd4 a5 24. Bh8 e5 25. Bxe5 axb4 26. cxb4 Ra4 27. a3 Bxc5
28. bxc5 Rxe5 29. Rxe5 Rxd4 30. Qb3 Rc4 31. Qb6 Kg7 32. h3 d4 33. Qa7+ Kf8 34.
Qxh7 d3 35. Re8+ 1-0

[Event "31è Open International d'Avoine 2016"]
[Site "Avoine"]
[Date "2016.07.23"]
[Round "3.2"]
[White "Bogdanov, Egor"]
[Black "Maiorov, Nikita"]
[Result "0-1"]
[WhiteElo "2269"]
[BlackElo "2541"]
[PlyCount "108"]
[EventDate "2016.??.??"]

1. e4 g6 2. d4 d6 3. Nf3 Bg7 4. Bc4 Nf6 5. Nc3 O-O 6. Bb3 Nc6 7. h3 e6 8. Be3
b6 9. Qd2 Bb7 10. Bg5 Qc8 11. O-O Na5 12. Qf4 Nh5 13. Qe3 Nxb3 14. axb3 f5 15.
exf5 Rxf5 16. Nh4 Rf7 17. Rfe1 e5 18. d5 Nf4 19. Bxf4 Rxf4 20. Nf3 Qf5 21. Ne2
Rxf3 22. Qxf3 Qxf3 23. gxf3 Bxd5 24. f4 a5 25. c4 Bc6 26. Nc3 Rf8 27. fxe5 Bxe5
28. Rad1 Rf5 29. Nd5 Bxd5 30. cxd5 Bxb2 31. Re8+ Rf8 32. Rde1 b5 33. R1e7 Rxe8
34. Rxe8+ Kf7 35. Ra8 Bc3 36. Ra7 Kf6 37. Rxc7 Bb4 38. Rb7 Ke5 39. Rxb5 Kd4 40.
Rb7 Kc3 41. Rxh7 Kxb3 42. Rg7 a4 43. Rxg6 a3 44. Kh2 a2 45. Rg1 Bc3 46. f4 Kc4
47. Kg3 Kxd5 48. Kf3 a1=Q 49. Rxa1 Bxa1 50. h4 Bg7 51. Kg4 Ke6 52. Kg5 d5 53.
h5 d4 54. Kg4 Bh6 0-1

[Event "31è Open International d'Avoine 2016"]
[Site "Avoine"]
[Date "2016.07.23"]
[Round "3.3"]
[White "Inkiov, Ventzislav"]
[Black "Frick, Christoph"]
[Result "1-0"]
[WhiteElo "2467"]
[BlackElo "2245"]
[PlyCount "121"]
[EventDate "2016.??.??"]

1. d4 d5 2. c4 c6 3. Nf3 Nf6 4. Nc3 dxc4 5. a4 Bf5 6. Nh4 e6 7. Nxf5 exf5 8. e3
Bb4 9. Bxc4 O-O 10. O-O Nbd7 11. f3 a5 12. Qd3 Nb6 13. Ba2 Qd7 14. Bb1 g6 15.
e4 Rad8 16. exf5 Rfe8 17. fxg6 hxg6 18. Bg5 Be7 19. Rd1 Kg7 20. Ba2 Nfd5 21.
Qd2 Bxg5 22. Qxg5 f6 23. Qc1 Nxc3 24. bxc3 Nxa4 25. Bb3 Nb6 26. Rxa5 Re2 27.
Ra7 Rde8 28. Bc2 Nc8 29. Ra8 Qc7 30. Bd3 R2e7 31. Qd2 c5 32. Qf2 c4 33. Bf1 Re3
34. Rc1 b5 35. Qg3 Qd7 36. h4 Rxc3 37. Rxc3 Qxd4+ 38. Kh1 Qxc3 39. Qc7+ Kh6 40.
Rxc8 Rxc8 41. Qxc8 f5 42. Qf8+ Kh7 43. Qe7+ Qg7 44. Qc5 Qa1 45. Kg1 Qb1 46.
Qe7+ Kg8 47. Qf6 Kh7 48. Qe7+ Kg8 49. g4 fxg4 50. fxg4 Qd1 51. Qe6+ Kg7 52.
Qe5+ Kg8 53. g5 Qb1 54. Kf2 Qa2+ 55. Be2 Qa7+ 56. Kg2 Qa2 57. Kg3 Qa3+ 58. Bf3
c3 59. h5 gxh5 60. Bd5+ Kf8 61. Qf6+ 1-0

[Event "31è Open International d'Avoine 2016"]
[Site "Avoine"]
[Date "2016.07.23"]
[Round "3.4"]
[White "Le Borgne, Pierre"]
[Black "Dumitrache, Dragos-Nicolae"]
[Result "1-0"]
[WhiteElo "2247"]
[BlackElo "2416"]
[PlyCount "93"]
[EventDate "2016.??.??"]

1. e4 e5 2. Nf3 Nc6 3. Bb5 Nf6 4. d3 d6 5. c3 g6 6. Nbd2 Bg7 7. O-O O-O 8. Re1
Bd7 9. Nf1 Nh5 10. d4 a6 11. Ba4 b5 12. Bb3 Na5 13. Bc2 Bg4 14. dxe5 dxe5 15.
Ne3 Qxd1 16. Bxd1 Bxf3 17. Bxf3 Nf4 18. b3 Rfd8 19. Ba3 h5 20. Red1 Bf8 21.
Bxf8 Kxf8 22. g3 Nh3+ 23. Kf1 c6 24. Ke2 Ke7 25. Bg2 Ng5 26. f4 exf4 27. gxf4
Ne6 28. Rf1 Nf8 29. e5 Rac8 30. Rad1 Nb7 31. f5 Rc7 32. Rd4 Nc5 33. Rfd1 Rdd7
34. Rd6 Nb7 35. Bxc6 Nxd6 36. Nd5+ Kd8 37. Nxc7 Ne4 38. Bxe4 Rxd1 39. Kxd1 Kxc7
40. Ke2 gxf5 41. Bxf5 Kc6 42. Ke3 Kd5 43. Kf4 Ne6+ 44. Bxe6+ fxe6 45. b4 h4 46.
h3 Kc4 47. Kg5 1-0

[Event "31è Open International d'Avoine 2016"]
[Site "Avoine"]
[Date "2016.07.23"]
[Round "3.5"]
[White "Boehm, Martin"]
[Black "Godart, Francois"]
[Result "1/2-1/2"]
[WhiteElo "2234"]
[BlackElo "2393"]
[PlyCount "118"]
[EventDate "2016.??.??"]

1. e4 e6 2. d4 d5 3. e5 c5 4. c3 Nc6 5. Nf3 Bd7 6. Be2 Nge7 7. O-O Ng6 8. g3
Be7 9. h4 cxd4 10. cxd4 O-O 11. h5 Nh8 12. Nc3 f6 13. exf6 Bxf6 14. Bf4 Nf7 15.
Qd2 a6 16. Bd3 Qb6 17. Bb1 Ne7 18. g4 g6 19. hxg6 hxg6 20. Kg2 Bxd4 21. Nxd4 e5
22. Re1 exd4 23. Rxe7 dxc3 24. bxc3 Bxg4 25. Qd4 Qxd4 26. cxd4 g5 27. Bg3 b5
28. Bc2 Rfe8 29. Rae1 Kf8 30. R7e3 Rxe3 31. Rxe3 Rd8 32. Be5 Bd7 33. Bf6 Re8
34. Bg6 Rxe3 35. fxe3 g4 36. Kg3 Nd6 37. Be5 Nc4 38. Bf4 Nd2 39. Bd3 Ke7 40.
Bg5+ Kd6 41. Kf4 a5 42. Bd8 a4 43. Ba5 Nc4 44. Bb4+ Kc7 45. e4 dxe4 46. Bxe4
Nd6 47. Bd3 Kc6 48. Bf1 Nf5 49. Bg2+ Kc7 50. Bc5 b4 51. Bxb4 Nxd4 52. Ba5+ Kb8
53. Bb6 Nc2 54. Be4 Na3 55. Bc5 Nb5 56. Bb4 Kc7 57. Bc2 Nd4 58. Bxa4 Bxa4 59.
Kxg4 Kc6 1/2-1/2

[Event "31è Open International d'Avoine 2016"]
[Site "Avoine"]
[Date "2016.07.23"]
[Round "3.6"]
[White "Trouve, Guillaume"]
[Black "Migot, Tangi"]
[Result "1/2-1/2"]
[WhiteElo "2142"]
[BlackElo "2381"]
[PlyCount "97"]
[EventDate "2016.??.??"]

1. e4 c5 2. Nf3 e6 3. d4 cxd4 4. Nxd4 Nf6 5. Nc3 d6 6. g4 h6 7. h4 Nc6 8. Rg1
h5 9. gxh5 Nxh5 10. Bg5 Qb6 11. Nb3 a6 12. Be2 Nf6 13. Qd2 Bd7 14. O-O-O Qc7
15. f4 Be7 16. Kb1 O-O-O 17. f5 Kb8 18. Bf4 Rdg8 19. Nc5 Bc8 20. fxe6 fxe6 21.
Bxd6 Bxd6 22. Qxd6 Rxh4 23. Qxc7+ Kxc7 24. Bc4 Nd8 25. Rg6 Rg4 26. Rxg4 Nxg4
27. Bb3 Ne5 28. Ne2 g5 29. Nd4 Rg6 30. Rg1 Kd6 31. Nd3 Ndc6 32. Ne2 Bd7 33. Kc1
Rg7 34. Rg3 Na5 35. Kd2 Bc6 36. Ke3 b5 37. Kd4 Nxb3+ 38. axb3 Nxd3 39. cxd3 e5+
40. Ke3 b4 41. d4 Bd7 42. dxe5+ Kxe5 43. Nd4 g4 44. Nf3+ Kf6 45. Nd4 Ke5 46.
Nf3+ Kf6 47. Nd4 Kg5 48. e5 Kh4 49. Rg1 1/2-1/2

[Event "31è Open International d'Avoine 2016"]
[Site "Avoine"]
[Date "2016.07.23"]
[Round "3.7"]
[White "Braeuning, Rudolf Wilhelm"]
[Black "Ravot, Sylvain"]
[Result "0-1"]
[WhiteElo "2358"]
[BlackElo "2231"]
[PlyCount "152"]
[EventDate "2016.??.??"]

1. e4 e6 2. d4 d5 3. Nd2 Nf6 4. e5 Nfd7 5. Bd3 c5 6. c3 Nc6 7. Ndf3 cxd4 8.
cxd4 f6 9. exf6 Qxf6 10. Ne2 h6 11. Qc2 Bd6 12. Bg6+ Kd8 13. Be3 Nf8 14. Bd3
Nb4 15. Qd2 Nxd3+ 16. Qxd3 Bd7 17. Ne5 a6 18. O-O Bb5 19. Qb3 Nd7 20. Nc3 Nxe5
21. dxe5 Qxe5 22. g3 Rf8 23. Nxb5 axb5 24. Qxb5 Rf7 25. Bb6+ Bc7 26. Rfe1 Qd6
27. Bc5 Qa6 28. Qb4 Kd7 29. Rad1 Qc6 30. Qg4 Ra6 31. Qg6 Ke8 32. Rc1 Qd7 33.
Qh7 Bd6 34. Qg8+ Ke7 35. Bd4 Rc6 36. Bxg7 Bc5 37. Rc2 Rc8 38. Qh7 Bd4 39. Rce2
Rxg7 40. Rxe6+ Qxe6 41. Rxe6+ Kxe6 42. Qxh6+ Ke7 43. Qd2 Bf6 44. Qxd5 Rc6 45.
b4 Rg5 46. Qe4+ Kd6 47. a4 Rd5 48. b5 Rcc5 49. Qg6 Rf5 50. h4 Kd7 51. g4 Rf4
52. Qf7+ Kd6 53. Qf8+ Kd5 54. g5 Be5 55. Qg8+ Ke4 56. Kg2 Rxh4 57. Qg6+ Kd4 58.
Qb6 Rg4+ 59. Kf3 Rf4+ 60. Kg2 Bc7 61. Qxb7 Rxg5+ 62. Kf1 Bd6 63. Qd7 Rd5 64.
Qe6 Kc5 65. b6 Rxa4 66. b7 Ra1+ 67. Kg2 Rg5+ 68. Kf3 Ra3+ 69. Ke4 Re5+ 70.
Qxe5+ Bxe5 71. Kxe5 Rb3 72. f4 Rxb7 73. Ke6 Kd4 74. f5 Rb6+ 75. Ke7 Ke5 76. f6
Rxf6 0-1